Score 0/26 Timer 05:00
0 Plays Today
Line Missing Rhyme % Correct
A is for Amy who fell down the ___.stairs
87.7%
B is for Basil assaulted by ___.bears
84.7%
M is for Maud who was swept out to ___.sea
82.6%
C is for Clara who wasted ___.away
74.8%
I is for Ida who drowned in a ___.lake
74.1%
J is for James who took lye by ___.mistake
69.2%
K is for Kate who was struck with an ___.axe
68.7%
L is for Leo who swallowed some ___.tacks
58.1%
Z is for Zillah who drank too much ___.gin
55.1%
Y is for Yorick whose head was knocked ___.in
55%
F is for Fanny sucked dry by a ___.leech
53.9%
E is for Ernest who choked on a ___.peach
53%
N is for Neville who died of ___.ennui
50.2%
Line Missing Rhyme % Correct
G is for George smothered under a ___.rug
47.8%
R is for Rhoda consumed by a ___.fire
45.9%
D is for Desmond thrown out of a ___.sleigh
43.6%
Q is for Quentin who sank in a ___.mire
43.2%
V is for Victor squashed under a ___.train
42%
X is for Xerxes devoured by ___.mice
41.4%
O is for Olive run through with an ___.awl
41.3%
W is for Winnie embedded in ___.ice
41.2%
U is for Una who slipped down the ___.drain
40.8%
H is for Hector done in by a ___.thug
40.6%
P is for Prue trampled flat in a ___.brawl
40.2%
S is for Susan who perished of ___.fits
36%
T is for Titus who flew into ___.bits
35.7%
Remove Ads.
Support Sporcle.
Get the best of Sporcle when you Go Orange. This ad-free experience offers more features, more stats, and more fun while also helping to support Sporcle. Thank you for becoming a member.

You're not logged in!

Compare scores with friends on all Sporcle quizzes.
OR
Log In

Show Comments

Extras

Top Quizzes Today


Score Distribution

Your Account Isn't Verified!

In order to create a playlist on Sporcle, you need to verify the email address you used during registration. Go to your Sporcle Settings to finish the process.

Report this User

Report this user for behavior that violates our Community Guidelines.

Details: